| 000 | 00633cam a2200217 a 4500 | ||
|---|---|---|---|
| 001 | 000007888 | ||
| 005 | 20200929154334.0 | ||
| 008 | 910110s1983 sp 000 f spa | ||
| 020 | _a8474440858 | ||
| 040 |
_aDO-SdBNP _cDLC |
||
| 082 |
_a863.64 _bC678t |
||
| 100 | 1 |
_aCohen, Emma. _d1946- _921667 |
|
| 245 | 1 | 0 |
_aToda la casa era una ventana / _cEmma Cohen. |
| 260 |
_aMadrid : _bDebate, _c1983. |
||
| 300 |
_a122 p. ; _c18 cm. |
||
| 490 | 1 | _aDebate Literatura | |
| 650 | 4 |
_aNovela española _91123 |
|
| 650 | 4 |
_aLiteratura española _ySIGLO XX _93326 |
|
| 830 | 0 |
_aDebate Literatura _921668 |
|
| 910 | _aCatalogación por copia / LC | ||
| 999 |
_c7666 _d7666 |
||